000 00747nam a2200241 i 4500
001 C2-0124849
003 PPAK
005 20180727114855.0
008 970907s1992 my a|||| ||||| | may d
020 _a9836224858
040 _aPPAK
_beng
_cPPAK
_erda
082 0 4 _a574.133
_223
090 0 0 _a574.133
_bTOR
_dKIH
100 1 _aTorsell, Kurt B.G.,
_eauthor
245 1 0 _aKimia hasil semulajadi :
_bpendekatan biosintesis dan mekanisme kepada metabolisme sekunder
264 1 _aKuala Lumpur :
_bDewan Bahasa dan Pustaka ,
_c1992
300 _axii, 469 pages :
_billustrations ;
_c23 cm
336 _2rdacontent
_atext
337 _2rdamedia
_aunmediated
338 _2rdacarrier
_avolume
650 1 0 _aMetabolism, secondary
942 _ddc
_cB
999 _c36578
_d36578